Návrh procesu hodnotenia zamestnancov bakalárska práca

Gespeichert in:
Bibliographische Detailangaben
1. Verfasser: Praskajová, Ema
Körperschaft: Fakulta podnikového manažmentu EU. Katedra manažmentu
Weitere Verfasser: Ďurišová, Soňa, 1983-
Format: Buch
Sprache:Slowakisch
Veröffentlicht: Bratislava 2025
Tags: Tag hinzufügen
Keine Tags, Fügen Sie das erste Tag hinzu!

MARC

LEADER 00000nbm a2200000 4500
001 0309743
005 20251212134447.3
041 0 |a slo 
044 |a SK 
245 1 0 |a Návrh procesu hodnotenia zamestnancov  |b bakalárska práca  |c Ema Praskajová ; školiteľ: Soňa Ďurišová 
264 1 |a Bratislava  |c 2025 
300 |a 56 s. 
100 1 |a Praskajová, Ema 
700 1 |a Ďurišová, Soňa, 1983- 
710 2 |a Fakulta podnikového manažmentu EU. Katedra manažmentu